| 000 | 00900nam a2200217 i 4500 | ||
|---|---|---|---|
| 001 | 91716 | ||
| 003 | ES-MaACL | ||
| 005 | 20250809063511.0 | ||
| 007 | t| | ||
| 008 | 050209s1994 sp |||| | spa d | ||
| 080 | _a9(=411.21:460.315 Villena)"16" | ||
| 100 | 1 |
_aVilar, Juan Bautista, _d1941-2018 _9114797 |
|
| 245 | 1 | 4 |
_aLos últimos musulmanes de la ciudad de Villena, a través de tres procesos de la Inquisición de Murcia (1611-1612) / _cJuan-Bautista Vilar. |
| 260 |
_aAlicante : _bUniversidad de Alicante, _c1994. |
||
| 300 |
_ap. [721]-729 ; _c25 cm. |
||
| 500 | _aSeparata de: Homenaje/Homenatge a María Jesús Rubiera Mata en Sharq Al-Andalus, estudios árabes, n.10, 1993-1994. Anales de la Universidad de Alicante. | ||
| 650 | 1 | 4 |
_aMoriscos- _zVillena- _yS.XVII. _915196 |
| 710 | 2 |
_aUniversidad de Alicante _97138 |
|
| 852 |
_aES-MaACL _j2186-F-22 |
||
| 999 |
_c91716 _d91716 |
||